000 00268nam a2200097Ia 4500
100 _aAndreas D' Souza
245 2 _aA Theology of Relationships
500 _aJournal of Henry Martyn Institute July - Dec 2005
650 _aInterfaith Relations and Dialogue
942 _cBR
999 _c21905
_d21905